Normal view
MARC view
- Cheruvalli, Radhakrishnan - translator
Entry Personal Name
001 - CONTROL NUMBER
- control field: 6301
003 - CONTROL NUMBER IDENTIFIER
- control field: OSt
005 - DATE AND TIME OF LATEST TRANSACTION
- control field: 20241005141225.0
008 - FIXED-LENGTH DATA ELEMENTS
- fixed length control field: 241005|| aca||aabn | a|a d
040 ## - CATALOGING SOURCE
- Original cataloging agency: OSt
- Transcribing agency: OSt
100 ## - HEADING--PERSONAL NAME
- Personal name: Cheruvalli, Radhakrishnan - translator
670 ## - SOURCE DATA FOUND
- Source citation: Work cat.: (OSt)18124: Gide, Andre 6300, Idayante symphonie & isabella/, 2024.
